|
|
|
|
| LEADER |
05061nam a2201081 i 4500 |
| 001 |
nkc20223477974 |
| 003 |
CZ PrNK |
| 005 |
20240529080651.0 |
| 007 |
ta |
| 008 |
230105t20222022xr ab e 000 0dcze |
| 015 |
|
|
|a cnb003477974
|
| 020 |
|
|
|a 978-80-88366-08-9
|q (Akademie výtvarných umění ;
|q vázáno)
|
| 020 |
|
|
|a 978-80-88417-07-1
|q (Knihovna Václava Havla ;
|q vázáno)
|
| 020 |
|
|
|a 978-80-87446-56-0
|q (DOX Prague ;
|q vázáno)
|
| 020 |
|
|
|a 978-80-7437-378-7
|q (Karel Krelický - KANT ;
|q vázáno)
|
| 035 |
|
|
|a (OCoLC)1369539941
|
| 040 |
|
|
|a ABA001
|b cze
|e rda
|
| 041 |
1 |
|
|a cze
|a eng
|h cze
|
| 043 |
|
|
|a e-xr---
|a a-pp---
|a a-io---
|
| 045 |
|
|
|a x9y2
|
| 072 |
|
7 |
|a 72/76
|x Výtvarné umění
|2 Konspekt
|9 21
|
| 080 |
|
|
|a 75(437.3)
|2 MRF
|
| 080 |
|
|
|a 741/744(437.3)
|2 MRF
|
| 080 |
|
|
|a 77.03/.08
|2 MRF
|
| 080 |
|
|
|a 791.6:778.534.6
|2 MRF
|
| 080 |
|
|
|a 316.347-027.61
|2 MRF
|
| 080 |
|
|
|a 316.72/.73
|2 MRF
|
| 080 |
|
|
|a 7.04
|2 MRF
|
| 080 |
|
|
|a (437.3)
|2 MRF
|
| 080 |
|
|
|a (954)
|2 MRF
|
| 080 |
|
|
|a (594)
|2 MRF
|
| 080 |
|
|
|a (048.8:082)
|2 MRF
|
| 080 |
|
|
|a (084.11)
|2 MRF
|
| 100 |
1 |
|
|a Šlapetová, Barbora,
|d 1973-
|7 jn20001103778
|4 ill
|4 edt
|4 trl
|
| 245 |
1 |
0 |
|a Barbora Šlapetová :
|b super : jak se dotknout nebe : obrazy, fotografie, kresby, animace = how to reach the sky : paintings, photographs, drawings, animations /
|c texty: Václav Havel, Phyllis Lambert, Alena Potůčková, Ivona Raimanová, Barbora Půtová, Leoš Válka, Václav Soukup, Moritz Woelk, Jiří Fajt, Petr Wittlich, Otto M. Urban ; překlady: Barbora Šlapetová, Andreas Ndruru, Jaap M. van der Werf, Richard Drury, James Khoury, Nicolas Chatara-Morse, Michaela Budiman, Vít Prošek
|
| 246 |
3 |
0 |
|a Super
|
| 264 |
|
1 |
|a [Praha] :
|b Centrum současného umění DOX :
|b Akademie výtvarných umění v Praze :
|b Knihovna Václava Havla :
|b KANT,
|c [2022]
|
| 264 |
|
4 |
|c ©2022
|
| 300 |
|
|
|a 370 stran :
|b ilustrace (převážně barevné), 1 mapa ;
|c 29 cm
|
| 336 |
|
|
|a text
|b txt
|2 rdacontent
|
| 336 |
|
|
|a statický obraz
|b sti
|2 rdacontent
|
| 337 |
|
|
|a bez média
|b n
|2 rdamedia
|
| 338 |
|
|
|a svazek
|b nc
|2 rdacarrier
|
| 500 |
|
|
|a "Knížní troj-edici s názvem Ultra-Super-Natural vydávají ... u příležitosti stejnojmenné výstavy v Centru současného umění DOX (2020)"--Tiráž
|
| 500 |
|
|
|a Životopisná data a přehled výstav
|
| 504 |
|
|
|a Obsahuje bibliografii
|
| 546 |
|
|
|a Souběžný anglický text
|
| 600 |
1 |
7 |
|a Šlapetová, Barbora,
|d 1973-
|7 jn20001103778
|2 czenas
|
| 648 |
|
7 |
|a 20.-21. století
|7 ch462155
|2 czenas
|
| 650 |
0 |
7 |
|a české malířství
|7 ph116864
|y 20.-21. století
|2 czenas
|
| 650 |
0 |
7 |
|a česká kresba
|7 ph116857
|y 20.-21. století
|2 czenas
|
| 650 |
0 |
7 |
|a fotografie
|7 ph114585
|z Česko
|y 20.-21. století
|2 czenas
|
| 650 |
0 |
7 |
|a filmová animace
|7 ph234794
|z Česko
|y 20.-21. století
|2 czenas
|
| 650 |
0 |
7 |
|a domorodci
|7 ph119543
|z Papua-Nová Guinea
|2 czenas
|
| 650 |
0 |
7 |
|a domorodci
|7 ph119543
|z Západní Papua (Indonésie : provincie)
|2 czenas
|
| 650 |
0 |
7 |
|a dialog kultur
|7 ph478605
|2 czenas
|
| 650 |
0 |
7 |
|a náměty, témata a motivy
|7 ph138485
|2 czenas
|
| 650 |
0 |
9 |
|a Czech painting
|y 20th-21st centuries
|2 eczenas
|
| 650 |
0 |
9 |
|a Czech drawing
|y 20th-21st centuries
|2 eczenas
|
| 650 |
0 |
9 |
|a photography
|z Czechia
|y 20th-21st centuries
|2 eczenas
|
| 650 |
0 |
9 |
|a film animation
|z Czechia
|y 20th-21st centuries
|2 eczenas
|
| 650 |
0 |
9 |
|a indigenous peoples
|z Papua New Guinea
|2 eczenas
|
| 650 |
0 |
9 |
|a indigenous peoples
|z West Papua (Indonesia: Province)
|2 eczenas
|
| 650 |
0 |
9 |
|a dialogue of cultures
|2 eczenas
|
| 650 |
0 |
9 |
|a themes and motives
|2 eczenas
|
| 655 |
|
7 |
|a kolektivní monografie
|7 fd501537
|2 czenas
|
| 655 |
|
7 |
|a obrazové publikace
|7 fd132947
|2 czenas
|
| 655 |
|
9 |
|a collective monographs
|2 eczenas
|
| 655 |
|
9 |
|a pictorial works
|2 eczenas
|
| 700 |
1 |
|
|a Havel, Václav,
|d 1936-2011
|7 jk01040240
|4 aut
|
| 700 |
1 |
|
|a Lambert, Phyllis,
|d 1927-
|7 jo2016907118
|4 aut
|4 edt
|
| 700 |
1 |
|
|a Potůčková, Alena,
|d 1953-2018
|7 jo2002109965
|4 aut
|
| 700 |
1 |
|
|a Raimanová, Ivona,
|d 1956-
|7 jo2002106778
|4 aut
|4 edt
|
| 700 |
1 |
|
|a Půtová, Barbora,
|d 1985-
|7 jx20110126018
|4 aut
|
| 700 |
1 |
|
|a Válka, Leoš,
|d 1953-
|7 mzk2009512633
|4 aut
|
| 700 |
1 |
|
|a Soukup, Václav,
|d 1957-
|7 jn20000402254
|4 aut
|
| 700 |
1 |
|
|a Woelk, Moritz,
|d 1963-
|7 mub2013791385
|4 aut
|
| 700 |
1 |
|
|a Fajt, Jiří,
|d 1960-
|7 jn19981001022
|4 aut
|
| 700 |
1 |
|
|a Wittlich, Petr,
|d 1932-
|7 jk01151737
|4 aut
|
| 700 |
1 |
|
|a Urban, Otto M.,
|d 1967-
|7 jn20010601385
|4 aut
|
| 700 |
1 |
|
|a Ndruru, Andreas
|4 trl
|
| 700 |
1 |
|
|a Der Werf, Jaap M. van
|4 trl
|
| 700 |
1 |
|
|a Drury, Richard,
|d 1967-
|7 jx20041007010
|4 trl
|
| 700 |
1 |
|
|a Khoury, James,
|d 1979-
|7 jo20211121333
|4 trl
|
| 700 |
1 |
|
|a Chatara-Morse, Nicolas
|4 trl
|
| 700 |
1 |
|
|a Budiman, Michaela,
|d 1978-
|7 xx0081345
|4 trl
|
| 700 |
1 |
|
|a Prošek, Vít,
|d 1976-
|7 xx0202484
|4 trl
|
| 710 |
2 |
|
|a DOX Centrum současného umění
|7 xx0093396
|4 orm
|4 isb
|
| 910 |
2 |
|
|a BOA001
|b 4-1508.448
|
| 928 |
9 |
|
|a DOX
|
| 990 |
|
|
|a BK
|
| 995 |
|
|
|a 01
|
| 996 |
6 |
|
|b 2610938901
|c 4-1508.448
|l MZK
|r Sklad / do 1 hodiny
|n 0
|p p.v.
|w 001926025
|u 000010
|a 1
|e BOA001
|j MZK50
|s P
|